Collecting old English lustre (Record no. 2310)

MARC details
000 -CABECERA
campo de control de longitud fija 00708nam a2200205 a 4500
001 - NÚMERO DE CONTROL
campo de control BRCA_2570
005 - FECHA Y HORA DE LA ÚLTIMA TRANSACCIÓN
campo de control 20190320203854.0
008 - DATOS DE LONGITUD FIJA--INFORMACIÓN GENERAL
campo de control de longitud fija 271108s1937----us-#---###---#000-0#eng-#
050 #4 - SIGNATURA TOPOGRÁFICA DE LA BIBLIOTECA DEL CONGRESO
Número de clasificación NK4399
Número de documento/Ítem .H63 1937
100 1# - ENTRADA PRINCIPAL--NOMBRE DE PERSONA
Nombre de persona Hodgson, Jeanette R.
9 (RLIN) 7347
245 10 - MENCIÓN DE TÍTULO
Título Collecting old English lustre
Mención de responsabilidad, etc. by Jeannette R. Hodgson ; ill. by repriductions of specimens from the Author´s collection.
260 ## - PUBLICACIÓN, DISTRIBUCIÓN, ETC.
Lugar de publicación, distribución, etc. Portland, Maine
Nombre del editor, distribuidor, etc. Southworth-Anthoensen
Fecha de publicación, distribución, etc. 1937
300 ## - DESCRIPCIÓN FÍSICA
Extensión xv, 44 p.
Otras características físicas il., 14 láminas
Dimensiones 18 cm.
500 ## - NOTA GENERAL
Nota general A41
650 14 - PUNTO DE ACCESO ADICIONAL DE MATERIA--TÉRMINO DE MATERIA
Término de materia o nombre geográfico como elemento de entrada Cerámica
Término indicativo de función/relación Coleccionistas y colecciones
9 (RLIN) 1200
650 14 - PUNTO DE ACCESO ADICIONAL DE MATERIA--TÉRMINO DE MATERIA
Término de materia o nombre geográfico como elemento de entrada Cerámica
Subdivisión geográfica Inglaterra
9 (RLIN) 7348
650 14 - PUNTO DE ACCESO ADICIONAL DE MATERIA--TÉRMINO DE MATERIA
Término de materia o nombre geográfico como elemento de entrada Lustre (Cerámica)
Subdivisión geográfica Inglaterra
9 (RLIN) 7349
902 ## - CATALOGADOR
Iniciales GFM
942 ## - ELEMENTOS DE PUNTO DE ACCESO ADICIONAL (KOHA)
Fuente del sistema de clasificación o colocación Library of Congress Classification
Tipo de ítem Koha Libros
Holdings
Estado de retiro Estado de pérdida Estado dañado No para préstamo Localización permanente Ubicación/localización actual Fecha de adquisición Número de inventario Total de préstamos Signatura topográfica completa Código de barras Fecha visto por última vez Precio válido a partir de Tipo de ítem Koha
El ejemplar forma parte de la colección y puede ser consultado según las políticas vigentes.       Biblioteca del Museo Franz Mayer (Rogerio Casas-Alatriste) Biblioteca del Museo Franz Mayer (Rogerio Casas-Alatriste) 27/11/2008 A41   NK4399 .H63 1937 (A41) 2567 22/03/2019 22/03/2019 Libros